MARC

LEADER 00000nam0a2200000 4500
001 377867
005 20231102012945.0
035 |a (RuTPU)RU\TPU\retro\35321 
035 |a RU\TPU\retro\35176 
090 |a 377867 
100 |a 20230407d1977 k y0rusy5003 ca 
101 0 |a rus 
102 |a RU 
105 |a a z 001zy 
200 1 |a Материалы по генетической минералогии и петрологии  |e [сборник научных трудов]  |f Академия наук СССР (АН СССР), Сибирское отделение (СО), Институт геологии и геофизики (ИГиГ) ; отв. В. С. Соболев, В. В. Золотухин 
210 |a Новосибирск  |c Наука  |d 1977 
215 |a 272 с.  |c ил. 
225 1 |a Труды Института геологии и геофизики  |v Вып. 349 
320 |a Библиогр. в конце ст. 
606 1 |a Минералогия генетическая  |2 stltpush  |3 (RuTPU)RU\TPU\subj\43909  |9 63335 
606 1 |a Петрология  |2 stltpush  |3 (RuTPU)RU\TPU\subj\48710  |9 67556 
610 1 |a породообразующие минералы 
610 1 |a глубинные включения 
610 1 |a базальты 
610 1 |a Минусинская котловина 
610 1 |a габброиды 
610 1 |a диспергирование 
610 1 |a диспергирование 
675 |a 549.01  |v 3 
675 |a 552  |v 3 
702 1 |a Соболев  |b В. С.  |g Владимир Степанович  |4 340 
712 0 2 |a Академия наук СССР (АН СССР)  |b Сибирское отделение (СО)  |b Институт геологии и геофизики (ИГиГ)  |c (Новосибирск)  |2 stltpush  |3 (RuTPU)RU\TPU\col\128 
801 0 |a RU  |b RuMRKP  |c 19950417  |g psbo 
801 1 |a RU  |b 63413507  |c 20120201 
801 2 |a RU  |b 63413507  |c 20230407  |g RCR 
942 |c BK